[Event "Richard Sutton Trophy 2016"]
[Site "Dunedin NZL"]
[Date "2016.11.23"]
[Round "5.2"]
[White "Nicholls, Leighton"]
[Black "Sarfas, Edward"]
[Result "1-0"]
[WhiteElo "2088"]
[BlackElo "1701"]
[EventDate "2016.10.26"]
[PlyCount "87"]
[SourceDate "2016.11.24"]

1.f4 Nf6 2.Nf3 c5 3.g3 Nc6 4.Bg2 d6 5.d3 g6 6.O-O Bg7 7.Na3 d5 8.c3 Ng4 9.
e4 d4 10.cxd4 Nxd4 11.h3 Nxf3+ 12.Qxf3 Bd4+ 13.Kh1 h5 14.Nc2 Bg7 15.Qe2 
Bd4 16.Bd2 Bxb2 17.Rab1 Bd4 18.Rb3 Rb8 19.Nxd4 cxd4 20.hxg4 hxg4+ 21.Kg1 
f6 22.Qf2 Kf7 23.Rb4 Qa5 24.Qxd4 Qxa2 25.Qc4+ Qxc4 26.Rxc4 b5 27.Rc7 b4 
28.d4 a5 29.Ra1 b3 30.Bxa5 b2 31.Rb1 Rb3 32.Bc3 Ra3 33.Rxb2 Ra1+ 34.Kf2 
Ba6 35.Bb4 Rh2 36.Rxe7+ Kg8 37.Be1 Kf8 38.Rc7 Bb5 39.Rxb5 Ra2+ 40.Ke3 Ra8 
41.Rb2 Re8 42.e5 fxe5 43.Bb4+ Kg8 44.Bd5+ 1-0

[Event "Richard Sutton Trophy 2016"]
[Site "Dunedin NZL"]
[Date "2016.11.23"]
[Round "5.3"]
[White "Aimers, Geoffrey"]
[Black "Duffield, Terence"]
[Result "1/2-1/2"]
[WhiteElo "1893"]
[BlackElo "1824"]
[EventDate "2016.10.26"]
[PlyCount "50"]
[SourceDate "2016.11.24"]

1.e4 e5 2.Nf3 Nc6 3.Bb5 a6 4.Ba4 Nf6 5.O-O d6 6.Re1 Be7 7.c3 b5 8.Bc2 Bg4 
9.d4 Qd7 10.d5 Nd8 11.a4 Rb8 12.Nbd2 O-O 13.Nf1 c6 14.Ne3 Qb7 15.h3 Bxf3 
16.Qxf3 Re8 17.axb5 axb5 18.Nf5 Bf8 19.dxc6 Nxc6 20.Be3 b4 21.Ba4 Rec8 22.
Nh6+ Kh8 23.Bxc6 Qxc6 24.Nxf7+ Kg8 25.Nh6+ Kh8 1/2-1/2

[Event "Richard Sutton Trophy 2016"]
[Site "Dunedin NZL"]
[Date "2016.11.23"]
[Round "5.4"]
[White "Fukushima, Shoji"]
[Black "Armstrong, John F"]
[Result "0-1"]
[WhiteElo "1700"]
[BlackElo "1576"]
[EventDate "2016.10.26"]
[PlyCount "84"]
[SourceDate "2016.11.24"]

1.e4 d5 2.exd5 Qxd5 3.Nc3 Qa5 4.Nf3 c6 5.Be2 e5 6.d3 Bg4 7.O-O Nf6 8.Bd2 
Qc7 9.h3 Be6 10.a3 h6 11.Be3 Nd5 12.Nxd5 Bxd5 13.d4 e4 14.Nd2 Nd7 15.c4 
Be6 16.Nxe4 Bf5 17.Ng3 Bg6 18.Bg4 Nf6 19.Bf3 Bd6 20.Ne2 O-O 21.c5 Be7 22.
Nf4 Bh7 23.b4 Be4 24.Bxe4 Nxe4 25.Qc2 Nf6 26.Qf5 Qd7 27.Rad1 Qxf5 28.Nd3 
Nd5 29.Ne5 Nxe3 30.fxe3 Qe6 31.Rfe1 Rad8 32.Nf3 Bg5 33.Nxg5 hxg5 34.e4 Qb3
35.d5 cxd5 36.exd5 Rxd5 37.Ra1 Rfd8 38.Re7 Rd1+ 39.Rxd1 Rxd1+ 40.Kh2 Rd2 
41.Rxb7 Qd5 42.Rxa7 Qxg2# 0-1

[Event "Richard Sutton Trophy 2016"]
[Site "Dunedin NZL"]
[Date "2016.11.23"]
[Round "5.5"]
[White "Lau, Ethan"]
[Black "Nisa, Hildon"]
[Result "0-1"]
[WhiteElo "1326"]
[BlackElo "1546"]
[EventDate "2016.10.26"]
[PlyCount "50"]
[SourceDate "2016.11.24"]

1.e4 e5 2.f4 d6 3.Nf3 Nc6 4.Nc3 Bg4 5.Bb5 Ne7 6.Nd5 a6 7.Ba4 b5 8.Bb3 Nd4 
9.c3 Nxf3+ 10.gxf3 Bd7 11.fxe5 dxe5 12.d4 exd4 13.cxd4 Nxd5 14.Bxd5 Bb4+ 
15.Bd2 Bxd2+ 16.Qxd2 Qh4+ 17.Ke2 c6 18.Bb3 O-O 19.Rag1 Be6 20.Bxe6 fxe6 
21.Rg4 Qf6 22.Rhg1 Qxf3+ 23.Ke1 Rf7 24.d5 exd5 25.exd5 Re8+ 0-1

[Event "Richard Sutton Trophy 2016"]
[Site "Dunedin NZL"]
[Date "2016.11.23"]
[Round "5.7"]
[White "Clarkson, Robert D"]
[Black "Reid, David M"]
[Result "0-1"]
[WhiteElo "1644"]
[BlackElo "1609"]
[EventDate "2016.10.26"]
[PlyCount "90"]
[SourceDate "2016.11.24"]

1.d4 Nf6 2.c4 e6 3.Nc3 d5 4.Bg5 Nbd7 5.c5 c6 6.Nf3 Be7 7.h3 O-O 8.b4 b5 9.
Qc2 Ne8 10.Bf4 f5 11.e3 Nef6 12.Ne5 Bb7 13.g4 Ne4 14.Nxe4 fxe4 15.Kd2 a5 
16.Qb2 axb4 17.Qxb4 Ra4 18.Qc3 Nxe5 19.dxe5 Qa8 20.Be2 b4 21.Qb3 Bxc5 22.
Rhc1 Ra3 23.Qb2 Be7 24.Ke1 c5 25.Rc2 Rc8 26.g5 Qa5 27.Kf1 c4 28.Rac1 c3 
29.Qb1 Bc6 30.Qa1 Ba4 31.Rb2 Rb8 32.Rbc2 Bxc2 33.Rxc2 Ra8 34.Bd1 Qc5 35.
Kg2 R8a5 36.Qb1 Qa7 37.Bg4 Kf7 38.Bd1 g6 39.Kg3 Rxa2 40.Rxa2 Rxa2 41.Bb3 
Rb2 42.Qd1 Qc5 43.Bc2 b3 44.Bxb3 Qb5 45.Bc2 Ra2 {time} 0-1

[Event "Richard Sutton Trophy 2016"]
[Site "Dunedin NZL"]
[Date "2016.11.30"]
[Round "6.1"]
[White "Johnson, Quentin J F"]
[Black "Aimers, Geoffrey"]
[Result "1/2-1/2"]
[WhiteElo "2148"]
[BlackElo "1893"]
[EventDate "2016.10.26"]
[PlyCount "141"]
[SourceDate "2016.12.01"]

1.d4 Nf6 2.c4 c5 3.d5 e6 4.Nc3 exd5 5.cxd5 d6 6.e4 g6 7.Nf3 Bg7 8.h3 O-O 
9.Bd3 Re8 10.O-O a6 11.a4 b6 12.Re1 Bb7 13.Bf4 Nh5 14.Bh2 Bh6 15.Bc4 Nf4 
16.e5 dxe5 17.Rxe5 Nd7 18.Rxe8+ Qxe8 19.Qe1 Nf6 20.Qe5 Qxe5 21.Nxe5 N4xd5 
22.Rd1 Nxc3 23.Bxf7+ Kf8 24.bxc3 Bg7 25.f3 b5 26.Bb3 c4 27.Bc2 Re8 28.Kf2 
Nd5 29.Nd7+ Kg8 30.Nc5 Bc6 31.axb5 axb5 32.Ne4 Nxc3 33.Nxc3 Bxc3 34.Rd6 
Ba8 35.Rd7 Bc6 36.Rc7 Bd4+ 37.Kf1 Ba8 38.Bd6 Bb6 39.Re7 Rxe7 40.Bxe7 Ba5 
41.Ke2 Kf7 42.Bg5 Ke6 43.h4 b4 44.Bd2 c3 45.Be1 Bd5 46.h5 Bc4+ 47.Bd3 
Bxd3+ 48.Kxd3 gxh5 49.Kc4 c2 50.Bd2 b3 51.Kxb3 Bxd2 52.Kxc2 Bf4 53.Kd3 Kf5
54.Ke2 h4 55.Kf2 Ke5 56.Kg1 Kd4 57.Kf2 Kd3 58.Kf1 Bg3 59.Kg1 Ke2 60.Kh1 h5
61.Kg1 h3 62.gxh3 Kxf3 63.Kh1 Bf4 64.h4 Kg4 65.Kg2 Kxh4 66.Kh1 Kg3 67.Kg1 
h4 68.Kh1 h3 69.Kg1 Kg4 70.Kh1 h2 71.Kg2 1/2-1/2

[Event "Richard Sutton Trophy 2016"]
[Site "Dunedin NZL"]
[Date "2016.11.30"]
[Round "6.2"]
[White "Jellyman, Riley"]
[Black "Nicholls, Leighton"]
[Result "0-1"]
[WhiteElo "1799"]
[BlackElo "2088"]
[EventDate "2016.10.26"]
[PlyCount "42"]
[SourceDate "2016.12.01"]

1.e4 e5 2.Nf3 Nc6 3.d4 exd4 4.Nxd4 Bc5 5.Be3 Qf6 6.c3 Nge7 7.Nf5 d6 8.Bxc5
Nxf5 9.exf5 dxc5 10.Qe2+ Qe5 11.g4 h5 12.Rg1 hxg4 13.Rxg4 Bxf5 14.Rxg7 
Qxe2+ 15.Bxe2 Bg6 16.Na3 Kf8 17.Rxg6 fxg6 18.Nb5 Rh7 19.Bf3 Ne5 20.Bxb7 
Rb8 21.Ba6 Rb6 0-1

[Event "Richard Sutton Trophy 2016"]
[Site "Dunedin NZL"]
[Date "2016.11.30"]
[Round "6.3"]
[White "Sarfas, Edward"]
[Black "Gold, Hamish R"]
[Result "1-0"]
[WhiteElo "1701"]
[BlackElo "1757"]
[EventDate "2016.10.26"]
[PlyCount "93"]
[SourceDate "2016.12.01"]

1.e4 c5 2.Nf3 d5 3.exd5 Nf6 4.c4 g6 5.d4 cxd4 6.Qxd4 Bg7 7.Nc3 O-O 8.Be2 
Qa5 9.O-O Na6 10.Bd2 Ng4 11.Qf4 f5 12.Nb5 Qb6 13.Bc3 e5 14.dxe6 Bxe6 15.
Bxg7 Kxg7 16.Qd4+ Qxd4 17.Nfxd4 Rae8 18.Nxe6+ Rxe6 19.Bxg4 fxg4 20.Nxa7 
Nb4 21.Nb5 Re2 22.Nd4 Re4 23.Rfd1 Rff4 24.Nb5 Rxc4 25.Rd2 h5 26.a3 Nc6 27.
Nd6 Ra4 28.Nxb7 h4 29.Nc5 Rad4 30.Ne6+ Kh6 31.Nxd4 Nxd4 32.Rad1 Nf5 33.g3 
Rc4 34.b3 Rc3 35.Rd3 Rc6 36.b4 h3 37.b5 Rc2 38.a4 Ng7 39.b6 Rb2 40.a5 Ne6 
41.Rd5 Ng5 42.Kf1 Ne4 43.Ke1 Rxf2 44.R5d2 Rf5 45.Rb2 Nc5 46.Rd4 Rf3 47.b7 
1-0

[Event "Richard Sutton Trophy 2016"]
[Site "Dunedin NZL"]
[Date "2016.11.30"]
[Round "6.4"]
[White "Box, Taine"]
[Black "Armstrong, John F"]
[Result "1-0"]
[WhiteElo "1554"]
[BlackElo "1576"]
[EventDate "2016.10.26"]
[PlyCount "57"]
[SourceDate "2016.12.01"]

1.c4 c5 2.Nc3 Nc6 3.d3 g6 4.g3 d6 5.Nf3 Bh6 6.Bxh6 Nxh6 7.Qd2 Ng4 8.Bg2 
Nf6 9.Qh6 Ng4 10.Qg7 Rf8 11.Ng5 Nf6 12.Nd5 Be6 13.Nxf6+ exf6 14.Nxh7 Qa5+ 
15.Kf1 Ke7 16.Qxf6+ Kd7 17.Nxf8+ Rxf8 18.Qc3 Qc7 19.h4 Re8 20.h5 gxh5 21.
Qg7 Kd8 22.Rxh5 Qe7 23.Rh8 Nd4 24.Rxe8+ Qxe8 25.Bxb7 Bh3+ 26.Bg2 Qxe2+ 27.
Kg1 Nf3+ 28.Bxf3 Qxf3 29.Qh8+ 1-0

[Event "Richard Sutton Trophy 2016"]
[Site "Dunedin NZL"]
[Date "2016.11.30"]
[Round "6.5"]
[White "Nisa, Hildon"]
[Black "Tamimi, Naser"]
[Result "0-1"]
[WhiteElo "1546"]
[BlackElo "1757"]
[EventDate "2016.10.26"]
[PlyCount "142"]
[SourceDate "2016.12.01"]

1.d4 Nf6 2.c4 e6 3.Nc3 c5 4.e3 Nc6 5.Nf3 b6 6.d5 exd5 7.Nxd5 Bb7 8.b3 Ne7 
9.Nxf6+ gxf6 10.Bb2 Bg7 11.Qd6 O-O 12.Rd1 Ng6 13.Qxd7 Qxd7 14.Rxd7 Be4 15.
Be2 Bb1 16.O-O Bxa2 17.Bd1 a5 18.Bc2 a4 19.Rd3 axb3 20.Bxb3 f5 21.Bxg7 
Kxg7 22.Bxa2 Rxa2 23.Rd2 Ra4 24.Rc2 Re8 25.Rb1 Re4 26.Rbc1 h6 27.g3 Ne7 
28.Nd2 Re6 29.Kg2 Nc6 30.Nf3 Nb4 31.Re2 Nd3 32.Rc3 Nb4 33.Nd2 Ra2 34.Kf1 
Rd6 35.Nf3 Ra5 36.Nh4 Kf6 37.Ng2 b5 38.Re1 Rd2 39.Re2 Rd1+ 40.Re1 Rxe1+ 
41.Nxe1 Na2 42.Rc2 b4 43.Nd3 Nc3 44.Nf4 Ra1+ 45.Kg2 Nd1 46.Nd5+ Ke6 47.
Nf4+ Ke7 48.Nd3 Kd6 49.Rd2 Kc6 50.Nb2 Nxb2 51.Rxb2 Rc1 52.Kf3 Rxc4 53.Ke2 
Kb5 54.Kd3 Rc3+ 55.Kd2 c4 56.h4 Ra3 57.Kc2 c3 58.Rb3 Ra2+ 59.Kb1 Rxf2 60.
e4 fxe4 61.Ka1 e3 62.Rb1 Rf6 63.Re1 c2 64.Kb2 Rc6 65.Rc1 f6 66.Rxc2 Rxc2+ 
67.Kxc2 Kc4 68.Kd1 b3 69.g4 b2 70.Kc2 e2 71.Kxb2 e1=Q 0-1

[Event "Richard Sutton Trophy 2016"]
[Site "Dunedin NZL"]
[Date "2016.11.30"]
[Round "6.6"]
[White "Southgate, Brent"]
[Black "Clarkson, Robert D"]
[Result "0-1"]
[WhiteElo "1801"]
[BlackElo "1644"]
[EventDate "2016.10.26"]
[PlyCount "78"]
[SourceDate "2016.12.01"]

1.d4 d5 2.e3 Nf6 3.Bd3 e6 4.Nd2 c5 5.c3 c4 6.Bc2 Qc7 7.f4 Bd6 8.Ngf3 Ng4 
9.Qe2 Qe7 10.O-O Nd7 11.Ne5 f5 12.Nxg4 fxg4 13.Qxg4 Nf6 14.Qh4 Qf7 15.g4 
Bd7 16.Nf3 O-O-O 17.Ne5 Qg8 18.g5 Ne4 19.Bxe4 dxe4 20.Nxc4 Be7 21.Ne5 Rf8 
22.Qe1 Rf5 23.c4 Qf8 24.Bd2 Qe8 25.c5 Bb5 26.Rf2 h6 27.g6 Bh4 28.Nf7 Bxf2+
29.Qxf2 Rxf7 30.gxf7 Qxf7 31.Rc1 Kd7 32.Rc3 Rf8 33.Qg2 g5 34.c6+ Bxc6 35.
Rxc6 bxc6 36.Qxe4 gxf4 37.exf4 Rg8+ 38.Kf2 Qg7 39.Qh1 Qxd4+ 0-1

[Event "Richard Sutton Trophy 2016"]
[Site "Dunedin NZL"]
[Date "2016.11.30"]
[Round "6.7"]
[White "Reid, David M"]
[Black "Fukushima, Shoji"]
[Result "0-1"]
[WhiteElo "1609"]
[BlackElo "1700"]
[EventDate "2016.10.26"]
[PlyCount "90"]
[SourceDate "2016.12.01"]

1.e4 e5 2.f4 d6 3.Nf3 Nc6 4.d3 Nf6 5.f5 Bd7 6.Nc3 Be7 7.Bd2 a6 8.h3 h6 9.
g4 Nh7 10.Be3 Ng5 11.Bg2 Nxf3+ 12.Qxf3 Bh4+ 13.Kd2 Bg5 14.Rae1 Bxe3+ 15.
Qxe3 Qh4 16.Nd5 O-O-O 17.b4 Kb8 18.c3 Ne7 19.c4 Nxd5 20.cxd5 g6 21.Kc2 h5 
22.Kb3 hxg4 23.hxg4 Qxg4 24.Bf3 Qf4 25.fxg6 fxg6 26.Rhg1 Qxe3 27.Rxe3 Rdg8
28.a4 Rh7 29.Rg2 Rhg7 30.Rg5 Be8 31.Bg4 Rh8 32.Rg3 Rgh7 33.Bd1 Rh3 34.Kc4 
Rxg3 35.Rxg3 Rh1 36.Bc2 Rc1 37.Kc3 Bxa4 38.Rg2 Rxc2+ 39.Rxc2 Bxc2 40.Kxc2 
Ka7 41.Kd2 Kb6 42.Ke3 Kb5 43.d4 exd4+ 44.Kxd4 Kxb4 45.e5 dxe5+ 0-1

[Event "Richard Sutton Trophy 2016"]
[Site "Dunedin NZL"]
[Date "2016.11.30"]
[Round "6.9"]
[White "Lau, Sean"]
[Black "Saw, Vee-Liem"]
[Result "1-0"]
[WhiteElo "1556"]
[BlackElo "1639"]
[EventDate "2016.10.26"]
[PlyCount "135"]
[SourceDate "2016.12.01"]

1.e4 c6 2.d4 d5 3.e5 Bf5 4.Bd3 Bxd3 5.Qxd3 e6 6.Nf3 a6 7.O-O c5 8.c3 cxd4 
9.Nxd4 Ne7 10.Bg5 h6 11.Bh4 Qb6 12.b3 Nbc6 13.f4 Nxd4 14.Qxd4 Qxd4+ 15.
cxd4 Nf5 16.Bf2 Bb4 17.g4 Ne7 18.a3 Ba5 19.b4 Bb6 20.Nd2 O-O 21.Nf3 Ng6 
22.Be3 f5 23.g5 hxg5 24.Nxg5 Rfe8 25.Rac1 Nf8 26.a4 Rac8 27.Kg2 g6 28.a5 
Ba7 29.Kg3 b5 30.axb6 Bxb6 31.Ra1 Rc3 32.Rf3 Ra8 33.Bd2 Rxf3+ 34.Nxf3 Kf7 
35.b5 a5 36.Bb4 Nh7 37.Bc5 Bd8 38.h4 Rb8 39.b6 Bxb6 40.Bxb6 Rxb6 41.Rxa5 
Kg7 42.Ra7+ Kg8 43.Ra4 Rc6 44.Kf2 Rc2+ 45.Ke3 Rc3+ 46.Ke2 Rc6 47.Nd2 Nf8 
48.Kd3 Rc1 49.Ra8 Kg7 50.Nf3 Rc6 51.Ng5 Rb6 52.Kc3 Rc6+ 53.Kb4 Rc4+ 54.Kb5
Rxd4 55.Rxf8 Rb4+ 56.Kxb4 Kxf8 57.Nxe6+ Ke7 58.Ng5 Kd7 59.Kc5 d4 60.Kxd4 
Ke7 61.Kd5 Kf8 62.Ke6 Kg7 63.Kd7 Kh6 64.e6 Kh5 65.e7 Kxh4 66.e8=Q Kg4 67.
Qe3 Kh5 68.Qh3# 1-0